| 000 | 00532nam a2200205Ia 4500 | ||
|---|---|---|---|
| 005 | 20250522104145.0 | ||
| 008 | 008 250516s9999 xx 000 0 eng d | ||
| 020 | _a9789361776670 | ||
| 040 |
_aSDCL _beng _cSDCL |
||
| 041 |
_aeng _2eng |
||
| 084 |
_aV211:28'M, R4 _qSDCL |
||
| 100 | _aArnold, David | ||
| 245 | 0 |
_aPolice power and colonial rule: _bMadras, 1859-1947 |
|
| 250 | _a2nd ed. | ||
| 260 |
_aDelhi: _bPrimus Books, _c2024. |
||
| 300 | _axiv,391p. | ||
| 365 |
_aINR _b1150 |
||
| 650 | _aHistory | ||
| 942 | _cTEXL | ||
| 999 |
_c1429359 _d1429359 |
||